000
00313nam a2200145Ia 4500
005
20260513122055.0
020
_a
9789819656387
100
_a
Yi Sun
365
_c
€
365
_b
28.00
942
_c
BK
245
_a
A Mathematical Introduction to Data Science
260
_b
Springer
999
_c
134
_d
134